A guide to the early Christian and Byzantine Antiquities (Record no. 4901)

MARC details
000 -CABECERA
campo de control de longitud fija 00820nam a2200241 a 4500
001 - NÚMERO DE CONTROL
campo de control BRCA_5207
005 - FECHA Y HORA DE LA ÚLTIMA TRANSACCIÓN
campo de control 20190320205002.0
008 - DATOS DE LONGITUD FIJA--INFORMACIÓN GENERAL
campo de control de longitud fija 261110s1921----enka######---#000-0#eng-#
041 ## - CÓDIGO DE LENGUA
Código de lengua del texto/banda sonora o título independiente eng
044 ## - CÓDIGO DEL PAÍS DE LA ENTIDAD EDITORA/PRODUCTORA
Código MARC del país enk
050 #4 - SIGNATURA TOPOGRÁFICA DE LA BIBLIOTECA DEL CONGRESO
Número de clasificación N6250
Número de documento/Ítem .G85 1921
245 10 - MENCIÓN DE TÍTULO
Título A guide to the early Christian and Byzantine Antiquities
Resto del título in the Department of British medieval antiquities.
250 ## - MENCIÓN DE EDICIÓN
Mención de edición 2
260 ## - PUBLICACIÓN, DISTRIBUCIÓN, ETC.
Lugar de publicación, distribución, etc. Inglaterra
Nombre del editor, distribuidor, etc. Order of the Trustees : Oxford University
Fecha de publicación, distribución, etc. 1921
300 ## - DESCRIPCIÓN FÍSICA
Extensión xii, 191 p.
Otras características físicas il., 15 láminas
Dimensiones 21 cm.
500 ## - NOTA GENERAL
Nota general Incluye lista de láminas, lista de ilustraciones e índice alfabético
500 ## - NOTA GENERAL
Nota general E38
650 14 - PUNTO DE ACCESO ADICIONAL DE MATERIA--TÉRMINO DE MATERIA
Término de materia o nombre geográfico como elemento de entrada Arte bizantino
Subdivisión de forma Exposiciones
9 (RLIN) 13332
650 14 - PUNTO DE ACCESO ADICIONAL DE MATERIA--TÉRMINO DE MATERIA
Término de materia o nombre geográfico como elemento de entrada Arte cristiano antiguo
Subdivisión de forma Exposiciones
9 (RLIN) 13333
650 14 - PUNTO DE ACCESO ADICIONAL DE MATERIA--TÉRMINO DE MATERIA
Término de materia o nombre geográfico como elemento de entrada Galerías y museos
Subdivisión geográfica Inglaterra
9 (RLIN) 13334
902 ## - CATALOGADOR
Iniciales GFM
942 ## - ELEMENTOS DE PUNTO DE ACCESO ADICIONAL (KOHA)
Fuente del sistema de clasificación o colocación Library of Congress Classification
Tipo de ítem Koha Libros
Holdings
Estado de retiro Estado de pérdida Estado dañado No para préstamo Localización permanente Ubicación/localización actual Fecha de adquisición Número de inventario Total de préstamos Signatura topográfica completa Código de barras Fecha visto por última vez Precio válido a partir de Tipo de ítem Koha
El ejemplar forma parte de la colección y puede ser consultado según las políticas vigentes.       Biblioteca del Museo Franz Mayer (Rogerio Casas-Alatriste) Biblioteca del Museo Franz Mayer (Rogerio Casas-Alatriste) 26/11/2010 E38   N6250 .G85 1921 (E38) 5642 22/03/2019 22/03/2019 Libros